000 00604cam a22002173a 4500
001 40453
003 PGUSA
005 20140828083914.0
008 120808s2012||||xxu|||||s|||||000 | eng d
040 _aPGUSA
_beng
042 _adc
100 1 _aMarsh, Richard,
_d1857-1915
245 1 0 _aTom Ossington's Ghost
_h[electronic resource] /
_cRichard Marsh
260 _bProject Gutenberg,
_c2012
506 _aPublic domain in the USA.
516 _aElectronic text
700 1 _aPfiffard, Harold
830 0 _aProject Gutenberg
_v40453
856 4 0 _uhttp://www.gutenberg.org/ebooks/40453
942 _cEB
999 _c269706
_d269706